الوثائق الدولية والإقليمية المعنية بحقوق الإنسان / (Record no. 24525)
[ view plain ]
| 000 -الفاتح | |
|---|---|
| حقل البيانات ثابتة الطول | 01046nam a22002535a 4500 |
| 003 - محدد رقم الضبط | |
| رقم الضبط | OSt |
| 005 - وقت وتاريخ اخر تعامل مع التسجيلة | |
| رقم الضبط | 20170325105647.0 |
| 008 - عناصر البيانات ثابتة الطول - معلومات عامة | |
| حقل البيانات ثابتة الطول | 170325s2011 ua frb 000 0 ara d |
| 015 ## - | |
| -- | 2011 / 10537 |
| 020 ## - الرقم الدولى المعيارى للكتب | |
| الرقم الدولى المعيارى للكتاب | 9789770467546 |
| 040 ## - مصدر الفهرسة | |
| وكالة الفهرسة الأصلية | EG-ScBUE |
| لغة الفهرسة | ara |
| وكالة النسخ | EG-ScBUE |
| 082 04 - رقم تصنيف ديوى العشرى | |
| رقم التصنيف | 341.48 |
| رقم المادة | ب س ي |
| رقم الطبعة | 22 |
| 100 1# - المدخل الرئيسى - إسم شخصى | |
| الإسم الشخصى | بسيوني، محمود شريف. |
| 245 12 - بيان العنوان | |
| العنوان | الوثائق الدولية والإقليمية المعنية بحقوق الإنسان / |
| بيان المسئوليه,etc | إعداد محمود شريف بسيوني، خالد محيي الدين. |
| 260 ## - PUBLICATION, DISTRIBUTION, ETC. (IMPRINT) | |
| مكان الناشر او الموزع | القاهرة : |
| اسم الناشر او الموزع | دار النهضة العربية، |
| تاريخ النشر أو التوزيع | 2011. |
| 300 ## - الوصف المادى | |
| التعداد | 3 مج. ؛ |
| أبعاد الوعاء | 24 سم. |
| 504 ## - تبصرة ببليوجرافية | |
| تبصرة ببليوجرافية,الخ | يشتمل على إرجاعات ببليوجرافية. |
| 505 0# - تبصرة محتويات-الفهرس | |
| تبصرة المحتويات المصاغة | مج. 1، 2. الوثائق العالمية -- مج. 3. الوثائق الإسلامية والإقليمية. |
| 650 #7 - المدخل الاضافى بالموضوع-مصطلح موضوعى | |
| مصطلح موضوعي أو اسم جغرافي كعنصر مدخل | حقوق الإنسان (قانون دولي) |
| مصدر الرأس أو المصطلح | BUEsh |
| 9 (RLIN) | 40977 |
| 651 ## - المدخل الاضافى بالموضوع - اسم جغرافى | |
| مصدر الرأس أو المصطلح | BUEsh |
| 653 ## - مصطلح تكشيفى غير مقيد | |
| Resource For college | Law |
| Arrived date list | March2017 |
| 700 1# - المدخل الاضافى - اسم شخصى | |
| الإسم الشخصى | محيي الدين، خالد. |
| 942 ## - عناصر المدخل الإضافي( كوها) | |
| مصدر التصنيف او مخطط الترفيف | Dewey Decimal Classification |
| حالة التراجع | حالة الفقد | مصدر التصنيف او خطة الترفيف | حالة تلف | ليس للاعارة | مجموعات كوها | المكان الدائم | المكان الحالي | موقع الترفيف | تاريخ الاكتساب | Source of acquisition | سعر الشراء الطبيعي | تعداد مسلسل / التسلسل الزمني | رقم الاستدعاء | الباركود | Date last seen | التكلفة | تبصرة غير عامة( المفوع للعناصر المفقوده) | نوع الوعاء | تبصرة عامة |
|---|---|---|---|---|---|---|---|---|---|---|---|---|---|---|---|---|---|---|---|
| Dewey Decimal Classification | دار النهضة العربية | Central Library | Central Library | First floor | 25/03/2017 | Purchase | 385.00 | 2815 | 341.48 ب س ي | 000041440 | 15/07/2025 | 481.25 | السعر ل3 مجلدات | Book - Borrowing | مج. 1 | ||||
| Dewey Decimal Classification | دار النهضة العربية | Central Library | Central Library | First floor | 25/03/2017 | Purchase | 385.00 | 2815 | 341.48 ب س ي | 000041441 | 15/07/2025 | 481.25 | السعر ل3 مجلدات | Book - Borrowing | مج. 1 | ||||
| Dewey Decimal Classification | دار النهضة العربية | Central Library | Central Library | First floor | 25/03/2017 | Purchase | 385.00 | 2815 | 341.48 ب س ي | 000041442 | 15/07/2025 | 481.25 | السعر ل3 مجلدات | Book - Borrowing | مج. 2 | ||||
| Dewey Decimal Classification | دار النهضة العربية | Central Library | Central Library | First floor | 25/03/2017 | Purchase | 385.00 | 2815 | 341.48 ب س ي | 000041443 | 15/07/2025 | 481.25 | السعر ل3 مجلدات | Book - Borrowing | مج. 2 | ||||
| Dewey Decimal Classification | دار النهضة العربية | Central Library | Central Library | First floor | 25/03/2017 | Purchase | 385.00 | 2815 | 341.48 ب س ي | 000041444 | 15/07/2025 | 481.25 | السعر ل3 مجلدات | Book - Borrowing | مج. 3 | ||||
| Dewey Decimal Classification | دار النهضة العربية | Central Library | Central Library | First floor | 25/03/2017 | Purchase | 385.00 | 2815 | 341.48 ب س ي | 000041445 | 15/07/2025 | 481.25 | السعر ل3 مجلدات | Book - Borrowing | مج. 3 |